000 00741nam a22002057a 4500
999 _c163502
_d163502
005 20190420153939.0
010 _aB-728118
020 _c600.00
_a9788193704097
035 _aB-728118
037 _bPANSY BOOKS(RP)
082 _a480
100 _aAjay Kumar Singh
245 _aS.S.C.english :
_bprivious papers(2013-2017) PT and mains/
_cby Ajay Kumar Singh
260 _aPatna
_bMB Books
_c2018
270 _a3rd floor,Ramdiri house Dadiji Lane Boring Road,
_bPatna
_e800001
300 _a731p.
_b26cm(pbk)
505 _a155 sets
942 _2ddc
_cEN
_h480
_mAJA